Do Condomn̕io Apontamentos e Minutas /

Detalles Bibliográficos
Autor principal: Leitó, Helder Martins
Formato: Desconocido
Lenguaje:portugués
Publicado: Portugal : Almeida & Leitó, 2007
Materias:
Acceso en línea:Acceso restringido

MARC

LEADER 00000ny a22000003n 4500
005 20110622133812.0
008 091223s2007 po 000 0 por d
020 |a 9789727491469 
035 |a 1861 
040 |a BUS  |d vLex 
090 |c 1016  |d 1016 
100 1 |a Leitó, Helder Martins 
245 1 0 |a Do Condomn̕io  |h [Recurso electrn̤ico]  |b Apontamentos e Minutas /  |c Helder Martins Leitó  
256 |a Servicio en ln̕ea 
260 |a Portugal :  |b Almeida & Leitó,  |c 2007 
300 |a p. ;  |c cm 
506 1 |a Contenido solo disponible en los productos indicados  |d vLex Global  |d vLex Global (Academic Edition, excluding Law Schools)  |d vLex Global (U.S. Academic Edition, Law Schools)  |d vLex Global (U.S. Academic Edition, excluding Law Schools)  |d vLex Global (Academic Edition, Law Schools) 
650 0 4 |a Copropiedades  |x Derecho  |z Portugal 
740 0 |a vLex Libros (Servicios en ln̕ea) 
856 4 0 |u http://vlex.com/source/1861  |z Acceso restringido 
942 |c BOOK